000
00320nam a22001337a 4500
008
180906b xxu||||| |||| 00| 0 eng d
020
_a
9781418067250
041
_a
eng
080
_2
3 Ed
_a
616.073
100
_a
3
101
_a
SHM
245
_a
Principles Public Health Practice
_c
Scutchfield.F.D
942
_2
udc
_c
BK
999
_c
47596
_d
47596